000 01181nam0a22003011 4500
001 rc\3126965
005 20260409070236.0
021 _aRU
_bРг8265-75
021 _aRU
_b75-38001
035 _a(NLR Aleph) 007283237
090 _a5531701
_c5531701
100 _a20120615d1975 |||y0rusy50 ca
101 0 _arus
102 _aRU
105 _ay z |||||
200 1 _aВеликий подвиг
_e(К 30-летию победы сов. народа в Великой Отеч. войне 1941 - 1945 гг.)
_fО-во "Знание" ЛитССР. Науч.-исслед. совет по пропаганде воен. знаний
210 _aВильнюс
_cБ. и.
_d1975
215 _a[1], 16 с.
_d22
300 _aПеред загл. авт.: ген.-майор П. Петронис
606 _aВеликая Отечественная война
_z1941 - 1945
_xГодовщины
_3RU\NLR\AUTH\66187542
_91237240
686 1 _aЦ35(2)722,021.2
700 1 _aПетронис
_bП.П.
_f1916-
_gПранас Повилович
801 0 _aRU
_bNLR
_gpsbo
801 1 _aRU
_bELAR
_2rusmarc
852 _aNLR
_j75-4/5432
942 _cBOOK
980 _aNB